00313nam a2200109Ia 4500008004100000082000800041100002100049245001700070942000600087952009500093999001500188240331s9999 xx 000 0 und d bTHA aAnnamalai, C. ed 0aThamizhkkodi cL 001040708LaWERCLbWERCLcSSCd2024-03-31l0o 894 THAp5944r2024-03-31w2024-03-31yL c3951d3951